Alle Nebenmeere des Atlantiks - Statistiken

Allgemein
  • Dieses Quiz wurde 36 mal gespielt
  • Das Durchschnittsergebnis liegt bei 3 aus 19
Antwortstatistiken
Nebenmeere % Korrekt
Nordsee
97%
Ostsee
91%
Golf von Guinea
15%
Irische See
15%
Ärmelkanal
12%
Biskaya
12%
Sargassosee
12%
Europäisches Nordmeer
9%
Baffin Bay
6%
Labradorsee
6%
Kattegat
3%
Keltische See
3%
Sankt-Lorenz-Golf
3%
Amerikanisches Mittelmeer
0%
Europäisches Mittelmeer
0%
Golf von Maine
0%
Irmingersee
0%
Schottische See
0%
Scotiasee
0%
Keine übereinstimmenden Quizze gefunden
Verteilung der Resultate
Anzahl Personen mit jedem Resultat
Perzentil nach korrekt beantworteten Fragen
Ihre Resultats-Entwicklung
Sie haben dieses Quiz noch nicht gespielt